গণপ্রজাতন্ত্রী বাংলাদেশের সংবিধান - ২০১৬ / (Record no. 2552)
[ view plain ]
| 000 -LEADER | |
|---|---|
| fixed length control field | 01492nam a22002057a 4500 |
| 003 - CONTROL NUMBER IDENTIFIER | |
| control field | BD-DhJNU |
| 005 - DATE AND TIME OF LATEST TRANSACTION | |
| control field | 20260122034053.0 |
| 008 - FIXED-LENGTH DATA ELEMENTS--GENERAL INFORMATION | |
| fixed length control field | 260122b |||||||| |||| 00| 0 eng d |
| 040 ## - CATALOGING SOURCE | |
| Original cataloging agency | BD-DhJNU |
| Language of cataloging | ENG |
| Transcribing agency | BD-DhJNU |
| Modifying agency | BD-DhJNU |
| 082 ## - DEWEY DECIMAL CLASSIFICATION NUMBER | |
| Edition number | 23 |
| Classification number | 342.5492 GON |
| 110 ## - MAIN ENTRY--CORPORATE NAME | |
| Corporate name or jurisdiction name as entry element | গণপ্রজাতন্ত্রী বাংলাদেশ সরকার : লেজিসলেটিভ ও সংসদ বিষয়ক বিভাগ : আইন, বিচার ও সংসদ বিষয়ক মন্ত্রণালয় |
| 242 ## - TRANSLATION OF TITLE BY CATALOGING AGENCY | |
| Title | The Constitution of the People's Republic of Bangladesh - 2016 |
| 245 ## - TITLE STATEMENT | |
| Title | গণপ্রজাতন্ত্রী বাংলাদেশের সংবিধান - ২০১৬ / |
| Statement of responsibility, etc. | আইন, বিচার ও সংসদ বিষয়ক মন্ত্রণালয় (কর্পোরেট লেখক) |
| 246 ## - VARYING FORM OF TITLE | |
| Title proper/short title | Gonoprjatontri Bangladesh sonbidhan 2016 |
| 260 ## - PUBLICATION, DISTRIBUTION, ETC. | |
| Place of publication, distribution, etc. | ঢাকা ঃ |
| Name of publisher, distributor, etc. | লেজিসলেটিভ ও সংসদ বিষয়ক বিভাগ, |
| Date of publication, distribution, etc. | 2016. |
| 300 ## - PHYSICAL DESCRIPTION | |
| Extent | vii, ২২৫ পৃ. ঃ |
| Other physical details | চিত্র ; |
| Dimensions | ২৫ সেমি.। |
| 650 ## - SUBJECT ADDED ENTRY--TOPICAL TERM | |
| Topical term or geographic name entry element | Constitution |
| Form subdivision | Bangladesh |
| 710 ## - ADDED ENTRY--CORPORATE NAME | |
| Corporate name or jurisdiction name as entry element | গণপ্রজাতন্ত্রী বাংলাদেশ সরকার : লেজিসলেটিভ ও সংসদ বিষয়ক বিভাগ : আইন, বিচার ও সংসদ বিষয়ক মন্ত্রণালয় |
| 942 ## - ADDED ENTRY ELEMENTS (KOHA) | |
| Source of classification or shelving scheme | Dewey Decimal Classification |
| Koha item type | Books |
| Suppress in OPAC | No |
| Withdrawn status | Lost status | Source of classification or shelving scheme | Damaged status | Not for loan | Collection | Home library | Current library | Shelving location | Date acquired | Source of acquisition | Total checkouts | Full call number | Barcode | Date last seen | Copy number | Price effective from | Koha item type |
|---|---|---|---|---|---|---|---|---|---|---|---|---|---|---|---|---|---|
| Dewey Decimal Classification | Non-fiction | Jagannath University Central Library | Jagannath University Central Library | General stacks | 01/22/2026 | Purchased | 342.5492 GON | JNUCL36486 | 01/22/2026 | 1 | 01/22/2026 | Books |